000 00699nam a2200277Ia 4500
005 20260324134236.0
008 008 260324s9999 xx 000 0 eng d
020 _a9781410605566
037 _aEBOOK
040 _aCRL
040 _beng
040 _cCRL
041 _2eng
041 _aeng
084 _qCRL
100 _aMonroe E. Price; Stefaan Verhulst; Dee H. Andrews; Harold F. O'Neil
_91196098
245 0 _aParental Control of Television Broadcasting
260 _bTaylor and Francis
260 _c2002
365 _a
365 _b145
856 _uhttp://www.taylorfrancis.com/books/9781410605566
942 _cEBOOK
999 _c1795954
_d1795954